000 00813nab a2200241 u 4500
001 20124
003 HDC
007 cr bn ---aaaaa
008 210304c |r|noo 0 a d
040 _aHDC
245 0 _aKEDUTAAN M'SIA, JAKIM ANJUR SEMINAR HALAL DI CHILE
260 _a[No place] :
_b[publisher not identified],
_c2016
336 _atext
_2rdacontent
337 _acomputer
_2rdamedia
338 _aonline resource
_2rdacarrier
650 _aHalal certificate
_9482
650 _aHalal seminar
_916055
710 _aPORTAL BERITA RADIO TELEVISYEN MALAYSIA
856 _zRequest full-text at [email protected]
942 _2lcc
942 _cNEWS
942 _kNWSO 009926
999 _c17440
_d17440